Escenas de la vida india

-д хадгалсан:
Номзүйн дэлгэрэнгүй
Формат: Ном
Хэл сонгох:испани
Хэвлэсэн: París Bouret 1909
Цуврал:Biblioteca de la Juventud
Нөхцлүүд:
Шошгууд: Шошго нэмэх
Шошго байхгүй, Энэхүү баримтыг шошголох эхний хүн болох!

MARC

LEADER 00000nam a2200000 a 4500
001 UCI4469
003 CL-VaPUC
008 080118e19090000FR |||||||||||||||||spa|d
082 0 4 |a 843  |b ESC  |2 21 
245 1 0 |a Escenas de la vida india 
300 |a 106 p 
942 |c BK 
945 |d 20080118 00:00:00  |a rbrito 
260 |a París  |b Bouret  |c 1909 
500 |a Donación Padres Capuchinos 
650 0 |a Novela francesa  |9 264985 
583 |a last modification  |c 20080118 00:00:00  |k Rodrigo Vera 
490 0 |a Biblioteca de la Juventud 
999 |c 328411  |d 328409 
952 |0 0  |1 0  |4 0  |6 843_000000000000000_ESC_1909  |7 0  |8 X  |9 412305  |a FDOBUD  |b FDOBUD  |d 2019-11-22  |i 4402693  |o 843 ESC 1909  |p 4402693  |r 2019-11-22  |w 2019-11-22  |y BK_X  |k BUD